000 00439 a2200157 4500
999 _c29199
_d29199
003 NUST
005 20180118152512.0
008 180118b xxu||||| |||| 00| 0 eng d
020 _a0070513554
020 _a9780070513556
082 0 4 _a620.00151535
100 1 _aReddy, J. N.
_98848
245 1 0 _aIntroduction to the finite element method /
_cJ. N. Reddy.
250 _a2nd ed.
260 _a[S.l.] :
_bMcGraw-Hill Science/Engineering/Math,
_c1993.
300 _a896 p. ;
_c25 cm.
942 _aSNS
_cBK
_k620.00151535 RED
_2ddc